000 00885cab a22002175a 4500
001 L148297
008 090901e20090815xxka f g 000 0 eng d
035 _a(Sirsi) u148297
041 0 _aeng
100 1 _aMason, Karen
245 0 2 _aA wise approach while waiting for the upturn
260 _c2009
490 _aEstates Gazette
_v(0932) 15 August 2009, 67 (1)
520 _aAgreements covered by the Town And Country Planning Act 1990 S106 are contractual agreements between the local planning authority and an applicant which allow planning consent to be granted. Article explains that they should be reviewed even if development is delayed as it protects an asset's value.
590 _aKA
650 2 4 _aTOWN AND COUNTRY PLANNING ACT 1990 S106
651 4 _aEngland and Wales
_y1543-
690 _aPlanning and development
_96259
700 1 _aMcDade, Caroline
942 _n0
999 _c81775
_d81775